[Event "Muscat-ch op"]
[Site "Muscat"]
[Date "2024.12.31"]
[Round "9"]
[White "Baharlouei, Rasta"]
[Black "Suchitraa, Viswanathan"]
[Result "1-0"]
[WhiteElo "1649"]
[BlackElo "1483"]
[PlyCount "93"]
[EventDate "2024.12.26"]
[EventType "swiss"]
[EventRounds "9"]
[EventCountry "OMN"]
[SourceTitle "CB01_2025"]
[SourceDate "2025.01.01"]
[SourceVersion "1"]
[SourceVersionDate "2025.01.01"]
[SourceQuality "1"]

1. e4 e5 2. Nf3 Nc6 3. Bc4 Bc5 4. c3 Nf6 5. d4 exd4 6. e5 Ng8 7. cxd4 Bb4+ 8. Bd2 Nge7 9. Bxb4 Nxb4 10. Qb3 d5 11. exd6 Qxd6 12. Bxf7+ Kf8 13. 0-0 Nbd5 14. Bxd5 Qxd5 15. Qxd5 Nxd5 16. Nc3 Nf6 17. Rfe1 Bd7 18. Nd2 Bc6 19. Nde4 Nxe4 20. Nxe4 Rd8 21. Nc5 Bd5 22. Rad1 Kf7 23. b3 Rhe8 24. f3 Bc6 25. Ne4 h6 26. Kf2 Rd7 27. Nc5 Rdd8 28. Rxe8 Kxe8 29. Ne6 Rd7 30. d5 b6 31. Re1 Bxd5 32. Nxc7+ Kf7 33. Nxd5 Rxd5 34. Re2 Rc5 35. Ke3 Re5+ 36. Kd3 Rd5+ 37. Kc2 Rc5+ 38. Kb2 Rd5 39. a3 a5 40. Kc3 Rc5+ 41. Kd4 Rb5 42. Re3 Rg5 43. g3 Rc5 44. Rc3 Rb5 45. Ke4 Ke6 46. f4 g6 47. h3 1-0